[Event "8th Prague Challengers"]
[Site "Prague CZE"]
[Date "2026.02.25"]
[Round "1"]
[White "Divya,Deshmukh"]
[Black "Gledura,B"]
[Result "1/2-1/2"]
[WhiteElo "2497"]
[BlackElo "2652"]
[EventDate "2026.02.24"]

1. d4 d5 2. c4 e6 3. Nc3 c6 4. cxd5 exd5 5. Bf4 Bd6 6. Bxd6 Qxd6 7. e3 Ne7
8. Bd3 Bf5 9. Nge2 Nd7 10. Nf4 O-O 11. O-O Rfe8 12. Qc2 Qf6 13. b4 Nb6 14.
a4 Bxd3 15. Nxd3 Nc4 16. Nb2 Nd6 17. b5 Nef5 18. Nd3 Nc4 19. Nc5 Qg5 20.
Kh1 Re7 21. a5 Nfd6 22. Rfb1 Rae8 23. bxc6 bxc6 24. a6 h5 25. Qc1 Qg6 26.
Ne2 h4 27. Nf4 Qh6 28. h3 g5 29. Nfd3 f5 30. Rb7 g4 31. Ne5 Nxe5 32. dxe5
Nc4 33. Qb1 Rxe5 34. Nd7 Re4 35. Nc5 R4e5 36. Nd7 Re4 37. Nc5 1/2-1/2

[Event "8th Prague Challengers"]
[Site "Prague CZE"]
[Date "2026.02.25"]
[Round "1"]
[White "Yuffa,D"]
[Black "Hrbek,Stepan"]
[Result "0-1"]
[WhiteElo "2604"]
[BlackElo "2463"]
[EventDate "2026.02.24"]

1. Nf3 d5 2. g3 c5 3. Bg2 Nc6 4. O-O e5 5. d3 Be7 6. e4 d4 7. a4 h5 8. Na3
h4 9. Nc4 h3 10. Bh1 Bg4 11. Bd2 Nf6 12. c3 Nd7 13. Qb1 a5 14. Rc1 O-O 15.
Qa2 Be6 16. Qb3 Ra6 17. Qd1 Bg4 18. Qf1 Be6 19. Be1 Qb8 20. Nfd2 Bg5 21.
Rcb1 g6 22. Bf3 Kg7 23. Na3 Nb6 24. Nb5 Rd8 25. Be2 Bh6 26. Nf3 Ra8 27. Bd2
Bxd2 28. Nxd2 Qc8 29. f4 Qd7 30. fxe5 Nxe5 31. cxd4 cxd4 32. Qf4 f6 33. Rf1
Qe7 34. Nf3 Nxf3+ 35. Rxf3 Bb3 36. Raf1 Bxa4 37. Qc7 Rd7 38. Qxb6 Ra6 39.
Qxa6 bxa6 40. Na3 Bb5 41. R3f2 Rc7 42. Nxb5 axb5 43. Bg4 b4 44. Bxh3 b3 45.
Ra1 Qb4 46. Raf1 Rc2 47. Rxf6 Rxb2 48. Rf7+ Kh6 49. R1f4 Qe1+ 50. Bf1 Qd2
51. Rh4+ Kg5 52. Kh1 Rb1 53. h3 Rxf1+ 54. Rxf1 b2 0-1

[Event "8th Prague Challengers"]
[Site "Prague CZE"]
[Date "2026.02.25"]
[Round "1"]
[White "Zhu,Jiner"]
[Black "Nemec,Jachym"]
[Result "0-1"]
[WhiteElo "2578"]
[BlackElo "2466"]
[EventDate "2026.02.24"]

1. d4 Nf6 2. c4 e6 3. Nf3 d5 4. Nc3 Bb4 5. Qa4+ Nc6 6. a3 Bxc3+ 7. bxc3 O-O
8. Bg5 h6 9. Bh4 Bd7 10. Qc2 Na5 11. g4 g5 12. Bg3 Ne4 13. h4 Nxc4 14. hxg5
hxg5 15. e3 Ncd6 16. Ne5 Kg7 17. f3 Ba4 18. Qh2 Rh8 19. Qxh8+ Qxh8 20. Rxh8
Rxh8 21. fxe4 Nxe4 22. Bf2 Rh1 23. Nf3 f5 24. Bg1 fxg4 25. Bg2 gxf3 26.
Bxh1 g4 27. Rb1 b6 28. Rb2 Kg6 29. Bh2 c6 30. Bb8 a6 31. Bc7 Bb5 32. Bxb6
Nxc3 33. Bc7 Ne4 34. Bh2 c5 35. dxc5 Nxc5 36. Rd2 Kf5 37. Rd4 Ne4 38. Bg1
Bc4 39. Bf2 e5 40. Rd1 Nc5 41. Kd2 Be2 42. Rg1 Ne4+ 43. Ke1 Bc4 44. Bg2
fxg2 45. Rxg2 Bb5 46. Rg1 Ng5 47. Rh1 Nh3 48. Bg3 Ke4 49. Rh2 Kxe3 50. Bxe5
Ng5 51. Kd1 Nf3 52. Rh5 Be8 53. Rf5 Ke4 54. Rf4+ Kxe5 55. Rxg4 Bb5 56. a4
Bc4 0-1

[Event "8th Prague Challengers"]
[Site "Prague CZE"]
[Date "2026.02.25"]
[Round "1"]
[White "Finek,Vaclav"]
[Black "Bjerre,Jonas Buhl"]
[Result "1/2-1/2"]
[WhiteElo "2538"]
[BlackElo "2629"]
[EventDate "2026.02.24"]

1. d4 Nf6 2. c4 e6 3. Nc3 Bb4 4. e3 b6 5. Nge2 c5 6. a3 Ba5 7. Rb1 Na6 8.
g3 O-O 9. Bg2 d5 10. O-O Rb8 11. b3 dxc4 12. bxc4 cxd4 13. exd4 Bb7 14.
Bxb7 Rxb7 15. Nb5 Nb8 16. Bg5 Rd7 17. Qb3 h6 18. Bxf6 Qxf6 19. c5 bxc5 20.
dxc5 Qe5 21. Qa4 Qxe2 22. Qxa5 Nc6 23. Qe1 Qh5 24. Qe4 Rd5 25. Rfc1 Rxc5
26. Nd4 Nxd4 27. Qxd4 Ra5 28. Rc7 Qh3 29. Qe4 Rh5 30. Qg2 Qxg2+ 31. Kxg2
Ra5 32. Rb3 g5 33. Re3 Ra4 34. h3 Ra5 35. Rb7 Ra6 36. Rc3 Kg7 37. Rcc7 Rxa3
38. Rxa7 Rxa7 39. Rxa7 Rd8 40. Ra4 h5 41. h4 g4 42. Ra5 Rd5 43. Ra7 Kg6 44.
Kf1 Rf5 45. Ke2 Rf3 46. Ra8 e5 47. Rg8+ Kh7 48. Re8 f6 49. Kf1 Kg7 50. Kg2
Rd3 51. Ra8 Rd2 52. Re8 Rd5 53. Re7+ Kg6 54. Re8 Rd3 55. Rg8+ Kf7 56. Rh8
Rf3 57. Rh7+ Kf8 58. Rh8+ Kg7 59. Re8 Kf7 60. Rh8 Rf5 61. Ra8 Rf3 62. Rh8
Rb3 63. Rh7+ Kg6 64. Rh8 Rb7 65. Rg8+ Rg7 66. Re8 Rd7 67. Rg8+ Kf7 68. Rh8
Kg7 69. Re8 Rd5 70. Re7+ Kg6 71. Re8 Kf7 72. Rh8 e4 73. Kf1 Kg7 74. Re8 f5
75. Re6 Rd3 76. Kg2 Rf3 77. Re7+ Kf6 78. Rh7 Kg6 79. Re7 Kf6 80. Rh7 Kg6
81. Re7 1/2-1/2

[Event "8th Prague Challengers"]
[Site "Prague CZE"]
[Date "2026.02.25"]
[Round "1"]
[White "Ganguly,S"]
[Black "Beerdsen,Thomas"]
[Result "0-1"]
[WhiteElo "2568"]
[BlackElo "2525"]
[EventDate "2026.02.24"]

1. e4 e5 2. Nf3 Nc6 3. Bb5 Nf6 4. O-O Nxe4 5. Re1 Nd6 6. a4 Be7 7. Nc3 O-O
8. d4 e4 9. Nxe4 Nxe4 10. Rxe4 d5 11. Re3 Bg4 12. Qd2 Bd6 13. Ne5 Bxe5 14.
dxe5 Ne7 15. Rg3 Be6 16. Rxg7+ Kxg7 17. Qh6+ Kh8 18. Bg5 Ng8 19. Qh4 f6 20.
exf6 Rf7 21. Re1 c6 22. Bd3 Qd7 23. Bg6 Bf5 24. Bxf7 Qxf7 25. c3 Rf8 26.
Qf4 Qg6 27. g4 h6 28. h4 hxg5 29. hxg5 Be4 30. f3 Bxf3 31. Rf1 Nxf6 32.
Rxf3 Nh7 33. Qd4+ Qg7 34. Rxf8+ Nxf8 35. Qxa7 Qxg5 36. Qxb7 Qxg4+ 37. Kf2
Qxa4 38. Qf7 Qc2+ 39. Ke3 Qe4+ 40. Kd2 Qg2+ 41. Kd3 Qg3+ 42. Kd2 Qd6 43. c4
Qb4+ 44. Kd1 Qb3+ 45. Ke1 Qe3+ 46. Kd1 Qd3+ 47. Ke1 Qb1+ 48. Ke2 Qxb2+ 49.
Kf3 Qc3+ 50. Kf2 Qd4+ 51. Ke1 Qe5+ 52. Kd1 Qd6 0-1

[Event "8th Prague Challengers"]
[Site "Prague CZE"]
[Date "2026.02.26"]
[Round "2"]
[White "Hrbek,Stepan"]
[Black "Zhu,Jiner"]
[Result "1-0"]
[WhiteElo "2463"]
[BlackElo "2578"]
[EventDate "2026.02.24"]

1. c4 Nf6 2. Nf3 g6 3. Nc3 Bg7 4. e4 e5 5. Nxe5 O-O 6. Nf3 Re8 7. Bd3 Nxe4
8. Bxe4 Bxc3 9. dxc3 Rxe4+ 10. Be3 d6 11. c5 d5 12. Qd2 Nc6 13. O-O-O Bf5
14. h3 Re6 15. Ng5 Re8 16. g4 Be6 17. Nxe6 fxe6 18. h4 d4 19. Bxd4 e5 20.
Be3 Qxd2+ 21. Rxd2 Rad8 22. Rhd1 Kf7 23. b4 a6 24. a4 Ke6 25. Kc2 Rxd2+ 26.
Bxd2 Rf8 27. Be3 Ne7 28. c4 h5 29. Rg1 hxg4 30. Rxg4 Rh8 31. b5 c6 32. Kb3
Kf5 33. Rg1 axb5 34. axb5 Rxh4 35. Rd1 Ke4 36. Rd7 Nf5 37. Rxb7 Nxe3 38.
fxe3 Kxe3 39. Rg7 cxb5 40. cxb5 Kd4 41. c6 Kc5 42. Rb7 Rb4+ 43. Ka3 Rc4 44.
c7 Kd4 45. b6 1-0

[Event "8th Prague Challengers"]
[Site "Prague CZE"]
[Date "2026.02.26"]
[Round "2"]
[White "Gledura,B"]
[Black "Beerdsen,Thomas"]
[Result "0-1"]
[WhiteElo "2652"]
[BlackElo "2525"]
[EventDate "2026.02.24"]

1. c4 g6 2. d4 Nf6 3. Nc3 d5 4. Nf3 Bg7 5. e3 O-O 6. cxd5 Nxd5 7. Bc4 Nb6
8. Bb3 c5 9. O-O cxd4 10. exd4 Bg4 11. d5 N8d7 12. h3 Bxf3 13. Qxf3 Rc8 14.
Re1 Ne5 15. Qg3 Nec4 16. Bg5 Re8 17. Qh4 Nxb2 18. Rxe7 Rxc3 19. d6 Rxe7 20.
dxe7 Qe8 21. Qf4 Rc8 22. Re1 N2c4 23. Bxc4 Rxc4 24. Qd6 Rc8 25. Rc1 Rxc1+
26. Bxc1 Nd7 27. Ba3 Be5 28. Qd5 b6 29. Qe4 Bf6 30. Bd6 Nc5 31. Qe3 Nb7 0-1

[Event "8th Prague Challengers"]
[Site "Prague CZE"]
[Date "2026.02.26"]
[Round "2"]
[White "Nemec,Jachym"]
[Black "Finek,Vaclav"]
[Result "0-1"]
[WhiteElo "2466"]
[BlackElo "2538"]
[EventDate "2026.02.24"]

1. d4 Nf6 2. c4 e6 3. Nc3 Bb4 4. e3 b6 5. Bd3 Bb7 6. Nf3 O-O 7. O-O c5 8.
a3 Bxc3 9. bxc3 Ne4 10. Ne1 d5 11. Qc2 f5 12. a4 Nd7 13. cxd5 exd5 14. f3
Nd6 15. a5 Qc7 16. Qf2 Rae8 17. axb6 axb6 18. Nc2 Bc6 19. Rb1 Re6 20. Be2
Qd8 21. Rd1 Qe7 22. c4 Nxc4 23. Bxc4 dxc4 24. Qf1 Rg6 25. Qxc4+ Kh8 26. d5
Ne5 27. Qf4 Ba4 28. Rb2 b5 29. Ra2 Bb3 30. Rb2 c4 31. Rxb3 cxb3 32. Nd4 Nc4
33. Nxb3 Rd6 34. Qd4 Re8 35. Kf2 Ra6 36. h4 Ra2+ 37. Kg1 Qd6 38. Bd2 Qg3
39. Ra1 Nxe3 0-1

[Event "8th Prague Challengers"]
[Site "Prague CZE"]
[Date "2026.02.26"]
[Round "2"]
[White "Divya,Deshmukh"]
[Black "Yuffa,D"]
[Result "1/2-1/2"]
[WhiteElo "2497"]
[BlackElo "2604"]
[EventDate "2026.02.24"]

1. d4 Nf6 2. c4 e6 3. Nc3 Bb4 4. e3 O-O 5. Bd3 Re8 6. Nf3 Bxc3+ 7. bxc3 d6
8. O-O e5 9. e4 Bg4 10. h3 Bh5 11. Re1 h6 12. Rb1 b6 13. Rb2 Nbd7 14. Re3
c6 15. Qe1 Bxf3 16. Rxf3 d5 17. Re2 dxe4 18. Bxe4 Nxe4 19. Rxe4 exd4 20.
cxd4 Nf6 21. Rxe8+ Qxe8 22. Re3 Qd7 23. Bb2 Re8 24. d5 Rxe3 25. Qxe3 cxd5
26. Bxf6 gxf6 27. Qg3+ Kf8 28. cxd5 Qxd5 29. Qb8+ Kg7 30. Qxa7 Qd1+ 31. Kh2
Qd4 32. Kg1 Qa1+ 33. Kh2 Qe5+ 34. g3 Qd4 35. Kg2 1/2-1/2

[Event "8th Prague Challengers"]
[Site "Prague CZE"]
[Date "2026.02.26"]
[Round "2"]
[White "Bjerre,Jonas Buhl"]
[Black "Ganguly,S"]
[Result "1/2-1/2"]
[WhiteElo "2629"]
[BlackElo "2568"]
[EventDate "2026.02.24"]

1. Nf3 d5 2. b3 Nf6 3. Bb2 Bf5 4. Nh4 Bd7 5. c4 e6 6. e3 Bd6 7. cxd5 Nxd5
8. Qg4 Rg8 9. Nf3 Nc6 10. Nc3 Qe7 11. Bd3 O-O-O 12. Nxd5 exd5 13. Bf5 f6
14. Bxd7+ Qxd7 15. Qxd7+ Kxd7 16. Ke2 a5 17. a3 Ra8 18. d3 Ra6 19. Bc3 Rb6
20. Rhb1 Ra8 21. g4 Ne5 22. Nd4 g6 23. h3 Nc6 24. Nc2 Be5 25. d4 Bd6 26.
Ne1 a4 27. b4 Na7 28. Nd3 Nb5 29. Bb2 Rc6 30. Nc5+ Bxc5 31. dxc5 Re6 32.
Kd3 Ke7 33. h4 h5 34. Rg1 Kf7 35. Rg3 Re4 36. gxh5 gxh5 37. Rf3 Ra6 38. Rf5
Rxh4 39. Rxd5 Ra8 40. Rf5 Rd8+ 41. Ke2 Rc4 42. Bxf6 Ke6 43. Bxd8 Kxf5 44.
Rh1 Kg6 45. f4 Nxa3 46. Ra1 Rc3 47. e4 Nc4 48. f5+ Kf7 49. Rxa4 Re3+ 50.
Kf2 Rxe4 51. Bxc7 Kf6 52. b5 Kxf5 53. b6 h4 54. Ra7 Ke6 55. Rxb7 Kd5 56.
Ra7 Kc6 57. Bd8 Ne5 58. Rc7+ Kd5 59. b7 Rb4 60. Bxh4 Nd3+ 61. Ke3 Nxc5 62.
Rxc5+ Kxc5 63. Be7+ Kc6 64. Bxb4 Kxb7 1/2-1/2

[Event "8th Prague Challengers"]
[Site "Prague CZE"]
[Date "2026.02.27"]
[Round "3"]
[White "Finek,Vaclav"]
[Black "Hrbek,Stepan"]
[Result "1-0"]
[WhiteElo "2538"]
[BlackElo "2463"]
[EventDate "2026.02.24"]

1. d4 Nf6 2. c4 e6 3. Nc3 Bb4 4. e3 O-O 5. Bd2 d5 6. Nf3 b6 7. cxd5 exd5 8.
Rc1 Be7 9. Bd3 c5 10. Ne5 Bb7 11. O-O Nc6 12. Be1 Nxe5 13. dxe5 Ne4 14. Ne2
Bg5 15. f4 Be7 16. Ng3 c4 17. Bxe4 dxe4 18. Qg4 Bc8 19. f5 Bg5 20. Rc3 Bh6
21. Nxe4 b5 22. Bh4 Qb6 23. Be7 b4 24. Rc2 Bb7 25. Nf6+ Kh8 26. Bxf8 Rxf8
27. Nd7 Qxe3+ 28. Kh1 Qd3 29. Qd1 Re8 30. Nc5 Qxd1 31. Rxd1 Bc8 32. e6 fxe6
33. fxe6 1-0

[Event "8th Prague Challengers"]
[Site "Prague CZE"]
[Date "2026.02.27"]
[Round "3"]
[White "Zhu,Jiner"]
[Black "Divya,Deshmukh"]
[Result "1-0"]
[WhiteElo "2578"]
[BlackElo "2497"]
[EventDate "2026.02.24"]

1. d4 Nf6 2. c4 c5 3. d5 b5 4. cxb5 a6 5. bxa6 e6 6. e4 exd5 7. exd5 Bd6 8.
Nf3 O-O 9. Be2 Bxa6 10. O-O Bxe2 11. Qxe2 h6 12. Nc3 Re8 13. Qc4 Na6 14.
Be3 Qb8 15. b3 Bc7 16. Rad1 Ba5 17. d6 Bxc3 18. Qxc3 Ne4 19. Qb2 Nb4 20. a3
Nc6 21. Nd2 Nxd6 22. Bxc5 Nf5 23. Nc4 Qb5 24. Bd6 Na5 25. Nxa5 Nxd6 26.
Rxd6 Qxa5 27. a4 Rab8 28. Rd4 Qe5 29. b4 Ra8 30. a5 Re6 31. Qd2 Rg6 32. g3
d6 33. Re1 Qb5 34. Rxd6 Rg4 35. Rb6 1-0

[Event "8th Prague Challengers"]
[Site "Prague CZE"]
[Date "2026.02.27"]
[Round "3"]
[White "Beerdsen,Thomas"]
[Black "Bjerre,Jonas Buhl"]
[Result "0-1"]
[WhiteElo "2525"]
[BlackElo "2629"]
[EventDate "2026.02.24"]

1. e4 c5 2. Nf3 d6 3. d4 cxd4 4. Nxd4 Nf6 5. Nc3 a6 6. Bg5 Nbd7 7. Be3 Qc7
8. g4 h6 9. h4 b5 10. Bg2 e5 11. Nb3 b4 12. Nd5 Nxd5 13. Qxd5 Rb8 14. g5
hxg5 15. hxg5 Rxh1+ 16. Bxh1 Nc5 17. Bxc5 dxc5 18. Na5 Be6 19. Qc6+ Qxc6
20. Nxc6 Rb6 21. Nxe5 Bd6 22. f4 Bxe5 23. fxe5 Rb5 24. Kd2 c4 25. Ke3 Rxe5
26. Kf4 Ra5 27. e5 Ke7 28. Bf3 g6 29. Be2 Ra4 30. Ke3 c3 31. bxc3 Ra3 32.
Kd4 Rxc3 33. Bxa6 Rxc2 34. Rb1 Rxa2 35. Bd3 b3 36. Rc1 Rd2 37. Ke3 Rxd3+
38. Kxd3 b2 39. Rc7+ Kd8 40. Rb7 b1=Q+ 0-1

[Event "8th Prague Challengers"]
[Site "Prague CZE"]
[Date "2026.02.27"]
[Round "3"]
[White "Ganguly,S"]
[Black "Nemec,Jachym"]
[Result "0-1"]
[WhiteElo "2568"]
[BlackElo "2466"]
[EventDate "2026.02.24"]

1. e4 e5 2. Nf3 Nf6 3. d4 Nxe4 4. Bd3 d5 5. Nxe5 Nd7 6. Nc3 Nxc3 7. bxc3
Bd6 8. O-O O-O 9. Re1 c5 10. Ng4 c4 11. Bf5 b5 12. Qf3 Nb6 13. h4 Bxf5 14.
Qxf5 Qd7 15. Qf3 Rfe8 16. Bf4 h5 17. Ne3 Bxf4 18. Qxf4 Re4 19. Qg5 Rae8 20.
Re2 f6 21. Qxh5 Na4 22. Rd2 Nxc3 23. g3 Rxe3 24. fxe3 Rxe3 25. Rg2 Qe6 26.
Kh2 Ne2 27. Rd1 Qe4 28. Rf1 Nxd4 29. Rgf2 Nxc2 30. Rf4 Re2+ 31. R1f2 Rxf2+
32. Rxf2 Ne3 33. Kg1 c3 0-1

[Event "8th Prague Challengers"]
[Site "Prague CZE"]
[Date "2026.02.27"]
[Round "3"]
[White "Yuffa,D"]
[Black "Gledura,B"]
[Result "1-0"]
[WhiteElo "2604"]
[BlackElo "2652"]
[EventDate "2026.02.24"]

1. e4 c5 2. Nf3 e6 3. g3 Nf6 4. d3 d6 5. Bg2 Be7 6. O-O O-O 7. a4 Bd7 8. e5
Nd5 9. Nbd2 Nc6 10. exd6 Bxd6 11. Nc4 Bc7 12. Ng5 Nce7 13. Qh5 Nf6 14. Qe2
Ned5 15. Ne4 Nxe4 16. dxe4 Nb6 17. Na5 Rb8 18. Rd1 Qe7 19. e5 Nd5 20. Nc4
Bc6 21. Qg4 Kh8 22. Bg5 Qe8 23. Qh4 Nb4 24. Bf1 Bd8 25. Nd6 Bxg5 26. Qxg5
Qd7 27. c3 Nd5 28. Bd3 Qe7 29. Qxe7 Nxe7 30. b4 Bf3 31. Re1 cxb4 32. cxb4
Nc8 33. Re3 Bd5 34. Nb5 a6 35. Nc7 Ne7 36. b5 a5 37. b6 Bc6 38. Be4 Rfd8
39. Nb5 Nd5 40. Rf3 Kg8 41. Nd6 f6 42. Rc1 Bxa4 43. Ra3 Bc6 44. Rxa5 fxe5
45. Nc4 Nc3 46. Rxc3 Rd1+ 47. Kg2 Bxe4+ 48. f3 Bd5 49. Nxe5 Re1 50. Nd7 Rd8
51. Rc7 Re2+ 52. Kh3 h6 53. f4 Rb2 54. Rac5 Ra8 55. Rc8+ Rxc8 56. Rxc8+ Kf7
57. Ne5+ Ke7 58. Rc7+ Kf8 59. Rc8+ Ke7 60. Rc7+ Kf8 61. Ng6+ Kg8 62. Ne7+
Kh7 63. Nxd5 exd5 64. Rxb7 Kg6 65. g4 d4 66. Kg3 Rb3+ 67. Kf2 h5 68. gxh5+
Kxh5 69. Rb8 Kg4 70. b7 Rb2+ 71. Ke1 Kf3 72. Kd1 d3 73. f5 Kf4 74. h4 Kg4
75. f6 1-0

[Event "8th Prague Challengers"]
[Site "Prague CZE"]
[Date "2026.02.28"]
[Round "4"]
[White "Divya,Deshmukh"]
[Black "Finek,Vaclav"]
[Result "1/2-1/2"]
[WhiteElo "2497"]
[BlackElo "2538"]
[EventDate "2026.02.24"]

1. e4 e5 2. Nf3 Nc6 3. Nc3 Nf6 4. h3 d5 5. exd5 Nxd5 6. Bb5 Nxc3 7. bxc3
Bd6 8. O-O O-O 9. d4 exd4 10. cxd4 h6 11. Re1 Qf6 12. Bb2 Ne7 13. Rb1 Nd5
14. Bd3 Bb4 15. Re5 Nf4 16. d5 Nxd3 17. Qxd3 Qg6 18. Qc4 Bd6 19. Re3 b5 20.
Qxb5 Qxc2 21. Rc1 a6 22. Rxc2 axb5 23. Be5 Bb7 24. Bxd6 cxd6 25. Nd4 Bxd5
26. Nxb5 Rxa2 27. Rxa2 Bxa2 28. Nxd6 Be6 29. Kh2 Rd8 30. Ne4 Rc8 31. Rc3
1/2-1/2

[Event "8th Prague Challengers"]
[Site "Prague CZE"]
[Date "2026.02.28"]
[Round "4"]
[White "Hrbek,Stepan"]
[Black "Ganguly,S"]
[Result "1/2-1/2"]
[WhiteElo "2463"]
[BlackElo "2568"]
[EventDate "2026.02.24"]

1. c4 e6 2. g3 d5 3. Bg2 d4 4. Nf3 c5 5. O-O Ne7 6. e4 Nec6 7. d3 Be7 8. e5
Nd7 9. Re1 g5 10. h3 h5 11. g4 hxg4 12. hxg4 Qc7 13. Qe2 b6 14. Nxg5 Bb7
15. f4 Bxg5 16. fxg5 O-O-O 17. Bf4 Nb4 18. a3 Bxg2 19. Kxg2 Qb7+ 20. Kg3
Nc2 21. Nd2 Nxa1 22. Ne4 Nf8 23. Rxa1 Ng6 24. Rf1 Kb8 25. Nd6 Nxf4 26. Kxf4
Qe7 27. Qg2 Rxd6 28. exd6 Qxd6+ 29. Kf3 Rg8 30. Qg3 Kc7 31. Kg2 Rg7 32. b4
Kd7 33. Qf3 Qc6 34. Qxc6+ Kxc6 35. Kg3 Kd6 36. bxc5+ bxc5 37. Kf4 Rh7 38.
Kg3 Rg7 39. Kf4 Rh7 40. Kg3 1/2-1/2

[Event "8th Prague Challengers"]
[Site "Prague CZE"]
[Date "2026.02.28"]
[Round "4"]
[White "Nemec,Jachym"]
[Black "Beerdsen,Thomas"]
[Result "1/2-1/2"]
[WhiteElo "2466"]
[BlackElo "2525"]
[EventDate "2026.02.24"]

1. d4 d5 2. c4 e6 3. Nc3 Nf6 4. Bg5 Be7 5. e3 h6 6. Bh4 O-O 7. Nf3 Nbd7 8.
Qc2 a6 9. cxd5 exd5 10. Bd3 c5 11. Bf5 c4 12. Ne5 Nxe5 13. dxe5 Nd7 14.
Bxe7 Qxe7 15. f4 Qc5 16. Qf2 f6 17. e6 Nb6 18. O-O-O Re8 19. Bg6 Rxe6 20.
Rd4 Bd7 21. Rhd1 Be8 22. Bc2 Qe7 23. e4 dxe4 24. Rxe4 Rxe4 25. Nxe4 Bc6 26.
Ng3 Nd5 27. Nf5 Qc7 28. Kb1 Qxf4 29. Qc5 Re8 30. g3 Qg4 31. h3 Qxh3 32.
Qxc4 Re5 33. Nd4 Qd7 34. Qd3 Ne3 35. Qh7+ Kf8 36. Nf5 Qxd1+ 37. Bxd1 Rxf5
38. Qh8+ Kf7 39. Bb3+ Bd5 40. Bxd5+ Rxd5 41. a3 Rd7 42. Qc8 Re7 43. Qc5 g6
44. a4 h5 45. Ka2 Nf5 46. Qc4+ Kg7 47. Qf4 Nh6 48. Qd6 Rf7 49. Kb3 Ng4 50.
Qd4 Ne5 51. Qe4 Nc6 52. Kc3 Re7 53. Qf3 Rd7 54. Qe3 Ne5 55. Kc2 g5 56. Qe4
Ng6 57. Qe6 Rf7 58. Kd2 f5 59. Qe3 f4 60. gxf4 Rxf4 61. Qb3 Rf7 62. Qc3+
Kh6 63. Ke2 h4 64. Qb3 Kg7 65. Qc3+ Kh6 66. Qc8 Kh5 67. Qg8 Re7+ 68. Kf2 h3
69. Kg3 Re3+ 70. Kf2 Re7 71. Kg3 g4 72. Qd5+ Re5 73. Qd4 Rg5 74. Qd7 Kh6
75. Qd2 Kh5 76. Qd7 Kh6 77. Qd2 Kh5 1/2-1/2

[Event "8th Prague Challengers"]
[Site "Prague CZE"]
[Date "2026.02.28"]
[Round "4"]
[White "Gledura,B"]
[Black "Bjerre,Jonas Buhl"]
[Result "1-0"]
[WhiteElo "2652"]
[BlackElo "2629"]
[EventDate "2026.02.24"]

1. e4 c5 2. Nf3 d6 3. Nc3 Nf6 4. d4 cxd4 5. Qxd4 a6 6. Be3 Nc6 7. Qd2 e6 8.
O-O-O b5 9. e5 dxe5 10. Qxd8+ Nxd8 11. Nxb5 axb5 12. Bxb5+ Bd7 13. Rxd7
Nxd7 14. Rd1 Ra5 15. Bxd7+ Ke7 16. c4 e4 17. Ng5 Rxa2 18. Kb1 Ra8 19. c5 h6
20. Nxe4 f5 21. Nc3 Nf7 22. c6 Kf6 23. f4 Bb4 24. Bd4+ Ke7 25. Re1 1-0

[Event "8th Prague Challengers"]
[Site "Prague CZE"]
[Date "2026.02.28"]
[Round "4"]
[White "Yuffa,D"]
[Black "Zhu,Jiner"]
[Result "1-0"]
[WhiteElo "2604"]
[BlackElo "2578"]
[EventDate "2026.02.24"]

1. c4 g6 2. Nf3 Bg7 3. d4 Nf6 4. Nc3 d5 5. cxd5 Nxd5 6. e4 Nxc3 7. bxc3 c5
8. Bb5+ Nc6 9. O-O O-O 10. Bxc6 bxc6 11. Qc2 cxd4 12. cxd4 Bg4 13. Ne5 Bxe5
14. dxe5 Qa5 15. f4 Rfd8 16. Be3 Qa6 17. Rae1 Be6 18. f5 Qxa2 19. Qc1 Bb3
20. e6 f6 21. e5 Bd5 22. Rf2 Qc4 23. exf6 exf6 24. Qb2 Qh4 25. Bd4 Rab8 26.
Bxf6 Rxb2 27. Bxh4 Rxf2 28. Kxf2 Re8 29. g4 a5 30. Kg3 h5 31. h3 a4 32. Re3
Ra8 33. Be7 hxg4 34. hxg4 gxf5 35. gxf5 Rb8 36. Kf4 Rb3 37. f6 Bxe6 38.
Rxe6 Rc3 39. Bb4 Rb3 40. Bc5 1-0

[Event "8th Prague Challengers"]
[Site "Prague CZE"]
[Date "2026.03.01"]
[Round "5"]
[White "Finek,Vaclav"]
[Black "Yuffa,D"]
[Result "1-0"]
[WhiteElo "2538"]
[BlackElo "2604"]
[EventDate "2026.02.24"]

1. d4 Nf6 2. c4 g6 3. Nf3 d6 4. g3 Bg7 5. Bg2 Bf5 6. O-O O-O 7. Nc3 Ne4 8.
Nh4 Nxc3 9. bxc3 Bc8 10. f4 e6 11. e4 e5 12. f5 Nd7 13. Be3 b6 14. Rf2 Ba6
15. Qa4 exd4 16. cxd4 Bb7 17. Raf1 c5 18. d5 Bd4 19. Bxd4 cxd4 20. Qd1 Ne5
21. Qxd4 Rc8 22. Qd2 Kg7 23. Nf3 Nxc4 24. Qf4 Qf6 25. g4 Ne5 26. g5 Nxf3+
27. Rxf3 Qd4+ 28. Kh1 gxf5 29. Rh3 Kg8 30. Qh4 Qg7 31. exf5 Rfe8 32. f6 Qg6
33. Qg4 Re5 34. Qd7 Ba6 35. Ra3 Rxg5 36. Rxa6 Qc2 37. Qh3 Rc3 38. Rxa7 h5
39. Bf3 Qd3 40. Ra8+ Kh7 41. Rf8 Qc4 42. Rxf7+ Kh6 43. Rf8 1-0

[Event "8th Prague Challengers"]
[Site "Prague CZE"]
[Date "2026.03.01"]
[Round "5"]
[White "Bjerre,Jonas Buhl"]
[Black "Nemec,Jachym"]
[Result "1/2-1/2"]
[WhiteElo "2629"]
[BlackElo "2466"]
[EventDate "2026.02.24"]

1. e4 e5 2. Nf3 Nf6 3. d4 Nxe4 4. Bd3 d5 5. Nxe5 Nd7 6. Nxd7 Bxd7 7. O-O
Bd6 8. Nc3 Nxc3 9. bxc3 O-O 10. Qh5 f5 11. Rb1 Rb8 12. c4 dxc4 13. Bxc4+
Kh8 14. Re1 Qf6 15. c3 h6 16. Bd2 b6 17. Bb3 Be8 18. Qf3 Bc6 19. Bd5 Bxd5
20. Qxd5 Rbe8 21. a4 c5 22. Qc4 cxd4 23. cxd4 Qf7 24. d5 Rc8 25. Qd3 Rfd8
26. Rbc1 Bc7 27. Qa6 Ra8 28. g3 Qxd5 29. Bxh6 Be5 30. Bg5 Re8 31. Rcd1 Qc6
32. Qd3 Qg6 33. Qf3 Qxg5 34. Rxe5 Rxe5 35. Qxa8+ Kh7 36. Rd8 Re1+ 37. Kg2
Qe7 38. Rh8+ Kg6 39. Qc6+ 1/2-1/2

[Event "8th Prague Challengers"]
[Site "Prague CZE"]
[Date "2026.03.01"]
[Round "5"]
[White "Beerdsen,Thomas"]
[Black "Hrbek,Stepan"]
[Result "1/2-1/2"]
[WhiteElo "2525"]
[BlackElo "2463"]
[EventDate "2026.02.24"]

1. e4 e5 2. Nf3 Nc6 3. Nc3 Nf6 4. Bb5 Bb4 5. O-O O-O 6. Bxc6 dxc6 7. d3 Nd7
8. Ne2 Re8 9. h3 a5 10. a4 Bf8 11. Nh2 Nc5 12. f4 exf4 13. Bxf4 Ne6 14. Bd2
c5 15. b3 Nd4 16. Nxd4 Qxd4+ 17. Kh1 Be6 18. Nf3 Qd7 19. Ng5 f6 20. Nxe6
Rxe6 21. Qg4 Qf7 22. Bc3 Bd6 23. Rf5 b6 24. Raf1 Qg6 25. Qf3 Rae8 26. g4
Be5 27. Bd2 Qf7 28. Qf2 Qd7 29. g5 Qd6 30. Qf3 c6 31. h4 b5 32. Bf4 Bxf4
33. Qxf4 Qxf4 34. R1xf4 fxg5 35. Rxg5 c4 36. Rfg4 g6 37. h5 cxd3 38. cxd3
Rd8 39. axb5 Rxd3 40. hxg6 hxg6 41. Rxg6+ Rxg6 42. Rxg6+ Kf7 43. Rxc6 Rxb3
44. b6 a4 45. Rc7+ Ke6 46. Ra7 Rxb6 47. Rxa4 1/2-1/2

[Event "8th Prague Challengers"]
[Site "Prague CZE"]
[Date "2026.03.01"]
[Round "5"]
[White "Ganguly,S"]
[Black "Divya,Deshmukh"]
[Result "0-1"]
[WhiteElo "2568"]
[BlackElo "2497"]
[EventDate "2026.02.24"]

1. e4 c5 2. Nf3 a6 3. Nc3 b5 4. Be2 Bb7 5. O-O e6 6. d4 cxd4 7. Qxd4 Nc6 8.
Qe3 Rc8 9. a4 b4 10. Nd5 Nf6 11. Rd1 Be7 12. Nxf6+ Bxf6 13. e5 Be7 14. Bd3
Qc7 15. b3 f5 16. exf6 Bxf6 17. Rb1 Ne7 18. Ng5 Qe5 19. Nxh7 Qh5 20. Nxf6+
gxf6 21. f3 Qxh2+ 22. Kf2 Qh4+ 23. Kf1 Nd5 24. Qg1 Nc3 25. Be3 Nxd1 26.
Rxd1 Rg8 27. Rd2 Bxf3 28. Bxa6 Rc3 29. Bb5 Bc6 30. Bd3 Be4 31. Bb5 Bc6 32.
Bd3 Be4 33. Bb5 Rg7 34. Bd4 Rxc2 35. Rxc2 Bxc2 0-1

[Event "8th Prague Challengers"]
[Site "Prague CZE"]
[Date "2026.03.01"]
[Round "5"]
[White "Zhu,Jiner"]
[Black "Gledura,B"]
[Result "1/2-1/2"]
[WhiteElo "2578"]
[BlackElo "2652"]
[EventDate "2026.02.24"]

1. d4 Nf6 2. c4 g6 3. h4 d6 4. Nc3 Nbd7 5. e4 e5 6. d5 Nc5 7. Bd3 a5 8. Bc2
h5 9. Ba4+ Nxa4 10. Qxa4+ Nd7 11. Nge2 Be7 12. g3 Ra6 13. Be3 O-O 14. Qc2
c6 15. O-O-O Nf6 16. f3 cxd5 17. cxd5 Bd7 18. a4 Rb6 19. Bxb6 Qxb6 20. Kb1
Rc8 21. Nc1 Rc4 22. Qb3 Rb4 23. Qc2 Rc4 24. Qb3 Rb4 25. Qc2 Rc4 1/2-1/2

[Event "8th Prague Challengers"]
[Site "Prague CZE"]
[Date "2026.03.03"]
[Round "6"]
[White "Zhu,Jiner"]
[Black "Finek,Vaclav"]
[Result "1/2-1/2"]
[WhiteElo "2578"]
[BlackElo "2538"]
[EventDate "2026.02.24"]

1. d4 Nf6 2. c4 e6 3. Nf3 d5 4. Nc3 Be7 5. Bf4 O-O 6. e3 b6 7. Bd3 dxc4 8.
Bxc4 Ba6 9. Bxa6 Nxa6 10. O-O c5 11. Qe2 Qc8 12. Rac1 Qb7 13. e4 Rfd8 14.
Rfd1 h6 15. Be3 Bf8 16. Ne5 cxd4 17. Bxd4 Nc5 18. f3 Rac8 19. Be3 a6 20.
Nd3 Nxd3 21. Rxd3 Rxd3 22. Qxd3 Nd7 23. Rd1 Ne5 24. Qe2 b5 25. Bd4 Nc4 26.
Bf2 Qc7 27. Rc1 Bd6 28. g3 Qb7 29. Nd1 Rd8 30. Ne3 Ne5 31. Rd1 Be7 32.
Rxd8+ Bxd8 33. Kg2 Bb6 34. Nd1 Bxf2 35. Nxf2 Qb6 36. b3 Qd4 37. h4 g5 38.
hxg5 hxg5 39. f4 gxf4 40. gxf4 Ng6 41. Qg4 Kf8 42. Kg3 Qd2 43. Qf3 Qc1 44.
f5 exf5 45. exf5 Qg1+ 46. Kh3 Qf1+ 47. Kg3 Qg1+ 48. Kh3 Qf1+ 49. Kg3 Qg1+
1/2-1/2